| 000 | 01270cam a2200313 4500 | ||
|---|---|---|---|
| 008 | 040716n2004 000 0 eng u | ||
| 020 | _a1842191977 | ||
| 020 | _a184219187X | ||
| 035 | _a(Sirsi) u126820 | ||
| 041 | _aeng | ||
| 050 |
_a333.72 _c18 |
||
| 100 | _aCox, Jayne | ||
| 245 |
_aRenewable energy and the built environment _bthe research agenda |
||
| 260 |
_aLondon _bRICS Foundation _c2004 |
||
| 300 |
_a38p. _c30cm. |
||
| 490 | _aRICS Foundation Scoping Studies | ||
| 520 | _aThis report considers the possible impacts on built environment processes of new approaches of energy production and distribution, and different patterns of energy use. The paper identifies five key themes to focus future research on, including the role of the planning process in enabling the development of renewable energy. Bibliography. | ||
| 520 | _aISBN 184219187X incorrectly printed on cover. | ||
| 650 | _aRENEWABLE ENERGY | ||
| 650 | _aENERGY MARKET | ||
| 650 | _aBUILT ENVIRONMENT | ||
| 650 | _aPLANNING PROCESS | ||
| 690 | _aBUILDING AND CONSTRUCTION-ENERGY MANAGEMENT | ||
| 700 | _aFell, David | ||
| 700 | _aJenkins, Lucy | ||
| 710 |
_aRoyal Institution of Chartered Surveyors _bFoundation _94173 |
||
| 710 |
_aBrook Lyndhurst _94663 |
||
| 942 | _n0 | ||
| 999 |
_c103645 _d103645 |
||